MARC

LEADER 00000nam0a2200000 4500
001 333719
005 20231102004602.0
010 |a 9782090354324 
035 |a (RuTPU)RU\TPU\book\359732 
090 |a 333719 
100 |a 20170623d2010 m y0rusy50 ca 
101 0 |a fre 
102 |a FR 
105 |a a j 000zy 
200 1 |a Informatique.com  |f M. Oddou 
210 |a Paris  |c CLE International  |d 2010 
215 |a 94 p.  |c il. 
225 1 |a Collection.com-activités 
606 1 |a Французский язык  |x Учебные руководства и пособия для вузов  |2 stltpush  |3 (RuTPU)RU\TPU\subj\16836  |9 42736 
610 1 |a лексика 
610 1 |a аутентичные тексты 
610 1 |a информатика 
610 1 |a обработка информации 
610 1 |a Интернет 
610 1 |a упражнения 
686 |a Ш147.11-923  |v LBC/SL-A  |2 rubbk 
700 1 |a Oddou  |b M.  |g Marc 
801 1 |a RU  |b 63413507  |c 20170623 
801 2 |a RU  |b 63413507  |c 20221209  |g RCR 
942 |c BK